Datum a čas kvízu
25.5
Celkem bodů
Celkový počet nahraných bodů na tomto kvízu bez doplňovacích otázek.
3.
Pořadí na kvízu
Konečné umístění týmu na tomto kvízu.
Zaznamenané odpovědi
| # | Otázka | Odpověď | Body | Výsledky |
|---|---|---|---|---|
| 5. | Akrobat Roman Kramařík jako pr... | 1 | ||
| 2. | Náhrada za most, který se v po... | 0 | ||
| 2. | Chystaná premiéra jednoho muzi... | 0 | ||
| 1. | Mezi občany od středy míří nov... | 0 | ||
| 5. | Fotbalisté v jisté evropské ze... | 0 | ||
| 10. | Jak se jmenuje vítězka US Open... | 0 | ||
| 7. | Ve kterém roce vyhrála Petra K... | 0 | ||
| 8. | Jak se nazývá (6 písmeny) tkan... | 0 | ||
| 9. | Který z povrchů, na kterých se... | 0 | ||
| 10. | K našim nejlepším tenistkám se... | 0.5 |